[Event "Rio de Janeiro Estadual-ch"]
[Site "Rio de Janeiro"]
[Date "2023.10.14"]
[Round "4"]
[White "Teixeira, Matheus Cesar Matte"]
[Black "Dias, Matheus Braga"]
[Result "0-1"]
[WhiteElo "1800"]
[BlackElo "1932"]
[PlyCount "108"]
[EventDate "2023.10.12"]
[EventType "swiss"]
[EventRounds "6"]
[EventCountry "BRA"]
[SourceTitle "EXT 2025"]
[Source "ChessBase"]
[SourceDate "2024.10.14"]
[SourceVersion "1"]
[SourceVersionDate "2024.10.14"]
[SourceQuality "1"]

1. e4 c5 2. Nf3 d6 3. Bc4 e6 4. d4 cxd4 5. Nxd4 Nf6 6. Nc3 a6 7. 0-0 Be7 8. Qf3 Qc7 9. Bd3 Nbd7 10. Bd2 Ne5 11. Qe2 0-0 12. h3 b5 13. a3 Bb7 14. Nf3 Nxd3 15. cxd3 Rad8 16. Rac1 Qb8 17. d4 d5 18. exd5 Nxd5 19. Bg5 Nxc3 20. Rxc3 Bxf3 21. Qxf3 Bxg5 22. Qc6 Rd6 23. Qe4 Bf6 24. Rc5 Rxd4 25. Qc2 g6 26. Rc7 Be5 27. Rc6 Rc4 28. Rxc4 bxc4 29. Qxc4 Qb5 30. Qxb5 axb5 31. b3 Ra8 32. a4 bxa4 33. bxa4 Rxa4 34. g3 Ra1 35. Rxa1 Bxa1 36. g4 Bd4 37. Kg2 Bxf2 38. Kxf2 f5 39. gxf5 gxf5 40. Kf3 e5 41. h4 h5 42. Ke3 Kf7 43. Kd3 Ke6 44. Ke3 Kd5 45. Kf3 Kd4 46. Kg3 Ke3 47. Kg2 Kf4 48. Kh3 Kf3 49. Kh2 Kf2 50. Kh3 e4 51. Kh2 e3 52. Kh3 e2 53. Kh2 e1R 54. Kh3 Rh1# 0-1